书目信息 |
| 题名: |
中国城市群
|
|
| 作者: | 姚士谋 , 陈振光 , 朱英明 著 | |
| 分册: | ||
| 出版信息: | 合肥 中国科学技术大学出版社 2001.09 |
|
| 页数: | 469页 | |
| 开本: | 26cm | |
| 丛书名: | ||
| 单 册: | ||
| 中图分类: | F229.21 | |
| 科图分类: | ||
| 主题词: | 城市群--cheng shi qun--研究--中国 | |
| 电子资源: | ||
| ISBN: | 7-312-02000-3 | |
| 000 | 01046nam0 2200289 450 | |
| 001 | 012007827314 | |
| 005 | 20071204154839.43 | |
| 010 | @a7-312-02000-3@dCNY58.00 | |
| 100 | @a20071204d2001 km y0chi0120 ea | |
| 101 | 0 | @achi |
| 102 | @aCN@b340000 | |
| 105 | @aa a 000yy | |
| 106 | @ar | |
| 200 | 1 | @a中国城市群@Azhong guo cheng shi qun@d= The urban agglomerations of China@f姚士谋, 陈振光, 朱英明等著@Fyao shi mou,chen zhen guang,zhu ying ming deng zhu@zeng |
| 205 | @a第2版 | |
| 210 | @a合肥@c中国科学技术大学出版社@d2001.09 | |
| 215 | @a469页@c图@d26cm | |
| 320 | @a有书目。 | |
| 330 | @a本书主要内容包括:城市群的基本概念,城市群发展的地域结构特征,中国城市发展与城市群的演变,中国城市群发展联系实证研究等。 | |
| 510 | 1 | @aUrban agglomerations of China@zeng |
| 606 | 0 | @a城市群@Acheng shi qun@x研究@y中国 |
| 690 | @aF229.21@v4 | |
| 701 | 0 | @a姚士谋@Ayao shi mou@4著 |
| 701 | 0 | @a陈振光@Achen zhen guang@4著 |
| 701 | 0 | @a朱英明@Azhu ying ming@4著 |
| 801 | 0 | @aCN@bQSSK@c20071204 |
| 905 | @b270682-84@dF229.21@eY367@f3 | |
| 中国城市群= The urban agglomerations of China/姚士谋, 陈振光, 朱英明等著.-第2版.-合肥:中国科学技术大学出版社,2001.09 |
| 469页:图;26cm |
| ISBN 7-312-02000-3:CNY58.00 |
| 本书主要内容包括:城市群的基本概念,城市群发展的地域结构特征,中国城市发展与城市群的演变,中国城市群发展联系实证研究等。 |
| ● |
| 相关链接 |
|
|
|
正题名:中国城市群
索取号:F229.21/Y367
 
预约/预借
| 序号 | 登录号 | 条形码 | 馆藏地/架位号 | 状态 | 备注 |
| 1 | 270682 | 202706820 | 社科二线422/409社科库 73排4列5层/ [索取号:F229.21/Y367] | 在馆 | |
| 2 | 270683 | 202706839 | 社科二线422/409社科库 73排4列5层/ [索取号:F229.21/Y367] | 在馆 | |
| 3 | 270684 | 202706848 | 社科库409/409社科库 73排4列5层/ [索取号:F229.21/Y367] | 在馆 |